| 000 | 00698nam a2200193Ii 4500 | ||
|---|---|---|---|
| 003 | JO-AjNU | ||
| 008 | 230605s9999||||xx |||||||||||||| ||und|| | ||
| 040 |
_aJO-AjNU _bara _erda _cJO-AjNU |
||
| 041 | _aara | ||
| 050 | 1 | 4 | _aPJ7826.A6.A16 1976 |
| 100 | 3 |
_aتأليف بن حميدة، سالم ؛ تحقيق وتقديم محمد الحبيب عباس, _eauthor _937400 |
|
| 245 | 0 | 0 | _aالزهريات |
| 264 | 3 | 1 | _aتونس:الشركة التونسية للتوزيع،1976 |
| 300 | _a288ص | ||
| 336 |
_atext _btxt _2rdacontent |
||
| 337 |
_aunmediated _bn _2rdamedia |
||
| 338 |
_avolume _bnc _2rdacarrier |
||
| 650 | 4 |
_a الشعر العربي - تونس - القرن العشرين _937401 |
|
| 999 |
_aA15623 _c19191 _d19191 |
||